• 首页
  • 本馆介绍
  • 公告通知
  • 最新文献
  • 馆藏检索
  • 电子资源
  • 读者导购
  • 参考咨询
  • 我的图书馆
  • 登录
  • 详细信息显示
  • 放入我的书架
  • 预约/预借图书
  • 作者相关作品
  • 分类相关作品
  • 丛书相关作品
  • 出版社相关作品

书目信息

  • 表格格式
  • 工作单格式
  • 卡片格式
题名:
高中知识清单
    
 
作者: 张宪华 本册主编
分册:   数学
出版信息: 北京   首都师范大学出版社  2011
页数: 352页
开本: 26cm
丛书名: 曲一线科学备考
单 册:
中图分类: G634.603
科图分类:
主题词: 中学数学课--高中--自学参考资料
电子资源:
ISBN: 978-7-5656-0385-3
000 00721oam2 2200241 45
001 012001003379
005 20131013085148.0
010    @a978-7-5656-0385-3@dCNY49.80
100    @a20120223d2011 em y0chiy0110 ea
101 0  @achi
102    @aCN@b110000
105    @aak z 000yy
106    @ar
200 1  @a高中知识清单@Agao zhong zhi shi qing dan@i数学@f张宪华本册主编
210    @a北京@c首都师范大学出版社@c教育科学出版社@d2011
215    @a352页@c图表@d26cm
225 2  @a曲一线科学备考
410  0 @12001 @a曲一线科学备考
606 0  @a中学数学课@x高中@j自学参考资料
690    @aG634.603@v4
701  0 @a张宪华@Azhang xian hua@4本册主编
801    @b江苏凤凰@c20191020
905    @b1232774-9@dG634.603@e1531@f6
    
    高中知识清单.数学/张宪华本册主编.-北京:首都师范大学出版社:教育科学出版社,2011
    352页:图表;26cm.-(曲一线科学备考)
    
    
    ISBN 978-7-5656-0385-3:CNY49.80
    
●
相关链接 在E读中查询图书 在五车中查询图书 在当当中查询图书 在豆瓣中查询图书


正题名:高中知识清单     索取号:G634.603/1531         预约/预借

序号 登录号 条形码 馆藏地/架位号 状态 备注
1 1232774   212327748   第一样本阅览室/ [索取号:G634.603/1531] 在馆    
2 1232775   212327757   教育系资料室/ [索取号:G634.603/1531] 在馆    
3 1232776   212327766   教育系资料室/ [索取号:G634.603/1531] 在馆    
4 1232777   212327775   教育系资料室/ [索取号:G634.603/1531] 在馆    
5 1232778   212327784   第四借阅区/ [索取号:G634.603/1531] 在馆    
6 1232779   212327793   第四借阅区/ [索取号:G634.603/1531] 在馆    
唐山师范学院图书馆 欢迎您!
大连网信软件有限公司© 版权所有